000 00565nam a2200205Ia 4500
001 12811
003 GE_BSU
008 181216s||||||||xx |||||||||||||| ||und||
040 _cGE_BSU
080 _a581.6
100 _aСоколов,В.С.
245 _aАлкалоидоносные растения СССР
245 _cОтв.ред.М.М.Ильин
260 _aМосква
260 _bИзд-во АНСССР
260 _c1952
300 _a378стр.30см.
653 _aАлкалоидоносные растения СССР
942 _cBK
999 _c45982
_d45982